000 00423nam a22001697a 4500
003 NUST - PNEC
005 20170116180959.0
008 150912b xxu||||| |||| 00| 0 eng d
020 _a-
040 _cLIBRARY
082 _a621.381 GIB
100 _99409
_aJames F. Gibbons
245 _aSemicoductor electronics
_cJames F. Gibbons
260 _cc.1966
650 _99407
_aElectrical engineering
_xEE
942 _2ddc
_cBK
999 _c66635
_d66635